Normal view
MARC view
Entry Topical Term
001 - CONTROL NUMBER
- control field: 28180
003 - CONTROL NUMBER IDENTIFIER
- control field: OSt
005 - DATE AND TIME OF LATEST TRANSACTION
- control field: 20211027112102.0
008 - FIXED-LENGTH DATA ELEMENTS
- fixed length control field: 211027|| aca||aabn | a|a d
040 ## - CATALOGING SOURCE
- Original cataloging agency: OSt
- Transcribing agency: OSt
150 ## - HEADING--TOPICAL TERM
- Topical term or geographic name entry element: Asset quality, Banks - India, Public sector banks
670 ## - SOURCE DATA FOUND
- Source citation: Work cat.: (OSt)517868: Kaur, Navneet and Bapat, Dhnanjay 28179, Income diversification and risk-adjusted returns for Indian banks
